<?xml version="1.0" encoding="UTF-8"?>
<record
    xmlns:xsi="http://www.w3.org/2001/XMLSchema-instance"
    xsi:schemaLocation="http://www.loc.gov/MARC21/slim http://www.loc.gov/standards/marcxml/schema/MARC21slim.xsd"
    xmlns="http://www.loc.gov/MARC21/slim">

  <leader>02642nam a2200373   4500</leader>
  <controlfield tag="001">51006</controlfield>
  <controlfield tag="003">Biblioteca APEC</controlfield>
  <controlfield tag="005">20251014134039.0</controlfield>
  <controlfield tag="008">170930b2016    dr ||||| |||| 00| 0 spa d</controlfield>
  <datafield tag="040" ind1=" " ind2=" ">
    <subfield code="c">Biblioteca UNAPEC</subfield>
    <subfield code="a">Biblioteca UNAPEC</subfield>
    <subfield code="b">spa</subfield>
    <subfield code="e">rda</subfield>
  </datafield>
  <datafield tag="041" ind1=" " ind2=" ">
    <subfield code="a">spa</subfield>
  </datafield>
  <datafield tag="072" ind1=" " ind2=" ">
    <subfield code="a">Facultad de Humanidades</subfield>
  </datafield>
  <datafield tag="090" ind1=" " ind2=" ">
    <subfield code="a">TPG-CI MAS-02 2016</subfield>
  </datafield>
  <datafield tag="100" ind1="1" ind2=" ">
    <subfield code="a">Alm&#xE1;nzar Liriano, Natanael</subfield>
    <subfield code="9">4327</subfield>
    <subfield code="e">autor</subfield>
  </datafield>
  <datafield tag="245" ind1="1" ind2="0">
    <subfield code="a">Estrategia did&#xE1;ctica para favorecer el aprendizaje de la soluci&#xF3;n de ecuaciones trigonom&#xE9;tricas en los estudiantes de cuarto de bachillerato del liceo vespertino Argentina Mateo Lara /</subfield>
    <subfield code="c">Natanael Alm&#xE1;nzar Liriano ; asesor: Ignacio de la Caridad P&#xE9;rez Yzquierdo</subfield>
  </datafield>
  <datafield tag="260" ind1=" " ind2=" ">
    <subfield code="a">Snto Domingo, DO :</subfield>
    <subfield code="b">Universidad APEC</subfield>
    <subfield code="c">2016</subfield>
  </datafield>
  <datafield tag="300" ind1=" " ind2=" ">
    <subfield code="a">66 h. :</subfield>
    <subfield code="e">+ 1 CD ROM</subfield>
  </datafield>
  <datafield tag="336" ind1=" " ind2=" ">
    <subfield code="a">Texto</subfield>
    <subfield code="b">txt</subfield>
    <subfield code="2">rdacontent</subfield>
  </datafield>
  <datafield tag="337" ind1=" " ind2=" ">
    <subfield code="a">sin mediaci&#xF3;n</subfield>
    <subfield code="b">n</subfield>
    <subfield code="2">rdamedia</subfield>
  </datafield>
  <datafield tag="338" ind1=" " ind2=" ">
    <subfield code="a">volumen</subfield>
    <subfield code="b">nc</subfield>
    <subfield code="2">rdacarrier</subfield>
  </datafield>
  <datafield tag="500" ind1=" " ind2=" ">
    <subfield code="a">CAMPUS I</subfield>
  </datafield>
  <datafield tag="500" ind1=" " ind2=" ">
    <subfield code="a">Tesis en Formato PDF
Tesis en Formato Electr&#xF3;nico
Tesis en Formato Digital</subfield>
  </datafield>
  <datafield tag="502" ind1=" " ind2=" ">
    <subfield code="a">Tesis (Maestr&#xED;a en Matem&#xE1;tica Superior) - Universidad APEC, 2016</subfield>
  </datafield>
  <datafield tag="505" ind1=" " ind2=" ">
    <subfield code="a">LA SOLUCI&#xD3;N DE ECUACIONES TRIGONOM&#xC9;TRICAS EN EL PROCESO DE ENSE&#xD1;ANZA APRENDIZAJE DE LA MATEM&#xC1;TICA EN LOS ESTUDIANTES DE CUARTO DE BACHILLERATO DEL LICEO VESPERTINO ARGENTINA MATEO LARA
- Fundamentaci&#xF3;n gnoseol&#xF3;gica de los enfoques did&#xE1;cticos actuales del proceso de ense&#xF1;anza-aprendizaje de la matem&#xE1;tica en general, de la trigonometr&#xED;a y de la soluci&#xF3;n de ecuaciones trigonom&#xE9;tricas en particular
- La trigonometr&#xED;a : antecedentes y desarrollo hist&#xF3;rico
- Did&#xE1;ctica de la trigonometr&#xED;a
- Did&#xE1;ctica para la ecuaciones trigonom&#xE9;tricas
ESTRATEGIA DID&#xC1;CTICA PARA FAVORECER EL APRENDIZAJE DE LA SOLUCI&#xD3;N DE ECUACIONES TRIGONOM&#xC9;TRICAS EN LOS ESTUDIANTES DE CUARTO DE BACHILLERATO DEL LICEO VESPERTINO ARGENTINA MATEO LARA
- Referentes te&#xF3;ricos para la elaboraci&#xF3;n de la estrategia
- Estrategia did&#xE1;ctica para favorecer el aprendizaje de la soluci&#xF3;n de ecuaciones trigonom&#xE9;tricas
Conclusiones
Recomendaciones</subfield>
  </datafield>
  <datafield tag="650" ind1=" " ind2=" ">
    <subfield code="a">Matem&#xE1;ticas</subfield>
    <subfield code="x">Ense&#xF1;anza secundaria</subfield>
    <subfield code="9">6158</subfield>
  </datafield>
  <datafield tag="650" ind1=" " ind2=" ">
    <subfield code="a">Trigonometr&#xED;a</subfield>
    <subfield code="x">Ense&#xF1;anza</subfield>
    <subfield code="9">6159</subfield>
  </datafield>
  <datafield tag="650" ind1=" " ind2=" ">
    <subfield code="a">Pedagog&#xED;a</subfield>
    <subfield code="9">6160</subfield>
  </datafield>
  <datafield tag="650" ind1=" " ind2=" ">
    <subfield code="a">Ecuaciones trigonom&#xE9;tricas</subfield>
    <subfield code="x">Ense&#xF1;anza</subfield>
    <subfield code="9">6161</subfield>
  </datafield>
  <datafield tag="650" ind1=" " ind2=" ">
    <subfield code="a">Trigonometr&#xED;a</subfield>
    <subfield code="x">Problemas, ejercicios, etc.</subfield>
    <subfield code="9">6162</subfield>
  </datafield>
  <datafield tag="700" ind1=" " ind2=" ">
    <subfield code="a">P&#xE9;rez Izquierdo, Ignacio de la Caridad</subfield>
    <subfield code="e">asesor</subfield>
    <subfield code="9">4328</subfield>
  </datafield>
  <datafield tag="856" ind1=" " ind2=" ">
    <subfield code="u">https://bibliotecaunapec.blob.core.windows.net/tesis/TPG_CI_MAS_02_2016_ET170293.pdf</subfield>
    <subfield code="y">Hacer clic para ver el PDF. (1.29 MB). Trabajo de Posgrado</subfield>
  </datafield>
  <datafield tag="912" ind1=" " ind2=" ">
    <subfield code="a">AJRP</subfield>
  </datafield>
  <datafield tag="942" ind1=" " ind2=" ">
    <subfield code="2">ddc</subfield>
    <subfield code="c">TES</subfield>
    <subfield code="h">TPG-CI MAS-02 2016</subfield>
  </datafield>
  <datafield tag="999" ind1=" " ind2=" ">
    <subfield code="c">14454</subfield>
    <subfield code="d">14454</subfield>
  </datafield>
</record>
